Memoria acerca del estado del Instituto General y Técnico de Navarra durante el curso académico de 1916 a 1917 / (Record no. 122499)

MARC details
000 -LEADER
campo de control de longitud fija 00590nam a2200157 i 4500
001 - NÚMERO DE CONTROL
campo de control 122499
003 - IDENTIFICADOR DE NÚMERO DE CONTROL
campo de control ES-MaACL
005 - FECHA Y HORA DE LA ÚLTIMA TRANSACCIÓN
campo de control 20230906192005.0
007 - CAMPO FIJO DE DESCRIPCIÓN FÍSICA--INFORMACIÓN GENERAL
campo de control de longitud fija t|
008 - DATOS DE LONGITUD FIJA--INFORMACIÓN GENERAL
campo de control de longitud fija 070214s1918 sp r ||||1| spa d
100 1# - ENTRADA PRINCIPAL--NOMBRE DE PERSONA
Nombre de persona Puente y Mansfield, Pedro de la.
9 (RLIN) 94167
245 10 - MENCIÓN DEL TÍTULO
Título Memoria acerca del estado del Instituto General y Técnico de Navarra durante el curso académico de 1916 a 1917 /
Mención de responsabilidad, etc. Pedro de la Puente y Mansfield.
260 ## - PUBLICACIÓN, DISTRIBUCIÓN, ETC.
Lugar de publicación, distribución, etc. Pamplona :
Nombre del editor, distribuidor, etc. [s.n.],
Fecha de publicación, distribución, etc. 1918 (
Fabricante Imp. Provincial)
610 24 - PUNTO DE ACCESO ADICIONAL DE MATERIA--NOMBRE DE ENTIDAD CORPORATIVA
Nombre de entidad corporativa o nombre de jurisdicción como elemento de entrada Instituto General y Técnico de Navarra-
Subdivisión de forma Memorias.
9 (RLIN) 159286
852 ## - LOCALIZACIÓN
Ubicación ES-MaACL
Número de control de estantería 1525-F-8
Holdings
Estatus retirado Estado de pérdida Estado de daño No para préstamo Colección Biblioteca de origen Biblioteca actual Ubicación en estantería Fecha de adquisición Fuente de adquisición Total de préstamos Signatura topográfica completa Código de barras Visto por última vez Precio de reemplazo Tipo de ítem Koha
        Colección de folletos Biblioteca del Ateneo de Madrid Biblioteca del Ateneo de Madrid Depósito folletos 17/01/2008     1525-F-8 1127649 23/02/2023 23/02/2023 Folleto